00315nam a2200109Ia 45000010005000000080041000050200019000460820023000651000023000882450067001112600027001781667241024s9999 xx 000 0 und d a999-34-49-33-4 aRD/972.93054/D339r aJesús de la Rosa 0aLa Revolución de Abril de 1965. Siete días de Guerra Civil bEditora Nacionalc2005